Programming with C (Record no. 294038)
[ view plain ]
| 000 -LEADER | |
|---|---|
| fixed length control field | 00462nam a2200169Ia 4500 |
| 005 - DATE AND TIME OF LATEST TRANSACTION | |
| control field | 20241108141517.0 |
| 008 - FIXED-LENGTH DATA ELEMENTS--GENERAL INFORMATION | |
| fixed length control field | 240126s9999 xx 000 0 und d |
| 020 ## - INTERNATIONAL STANDARD BOOK NUMBER | |
| International Standard Book Number | 9789353160272 |
| 082 ## - DEWEY DECIMAL CLASSIFICATION NUMBER | |
| Classification number | 001.6424C GOT;5 |
| 100 ## - MAIN ENTRY--PERSONAL NAME | |
| Personal name | Gottfried, Byron S. Chhabra, Jitender Kumar. |
| 245 #0 - TITLE STATEMENT | |
| Title | Programming with C |
| 250 ## - EDITION STATEMENT | |
| Edition statement | 3rd ed. |
| 260 ## - PUBLICATION, DISTRIBUTION, ETC. (IMPRINT) | |
| Name of publisher, distributor, etc. | Tata McGraw-Hill |
| Place of publication, distribution, etc. | Chennai |
| Date of publication, distribution, etc. | 2011 |
| 300 ## - PHYSICAL DESCRIPTION | |
| Extent | xviii, 15.34+I.8 |
| 440 ## - SERIES STATEMENT/ADDED ENTRY--TITLE | |
| Title | Schaum's outline series |
| 942 ## - ADDED ENTRY ELEMENTS (KOHA) | |
| Koha item type | PESU Books |
| Date last seen | Total Checkouts | Full call number | Accession number | Volume/Issue Number | Cost, replacement price | Price effective from | Category | Lost status | Source of classification or shelving scheme | Damaged status | Department | Withdrawn status | bill no. | Permanent Location | Current Location | Shelving location | Entry date | Vendor | Cost, normal purchase price | Grants | Currency symbol | Conversion rate | Discount | Discount type |
|---|---|---|---|---|---|---|---|---|---|---|---|---|---|---|---|---|---|---|---|---|---|---|---|---|
| 26/01/2024 | 001.6424C GOT;5 | PU12612 | (03/07/1905) | 562.50 | 26/01/2024 | PESU Books | Dewey Decimal Classification | Central Library | KLBH/63/2022-23 | Central Library | Central Library | Central Library | 22/06/2022 | KL Book House | 625.00 | CS | RS | 1 | 10 | Percentage |
